000 00501nam a2200193 a 4500
001 1774863790657
003 YourLibrary
005 20260330151547.0
008 260330s2008##################000#0#eng##
020 _a9780750689816
082 0 4 _a352.48214
_bSEA
100 1 _aSeal, W. B.,
_eauthor.
245 1 0 _aReinventing Budgeting :
260 _bCIMA Publishing,
_c2008.
300 _a91 pages
650 0 _aBusiness & Economics.
942 _cENGLISH
040 _aYourLibrary
_beng
_cYourLibrary
999 _c618128
_d618128